000 00924nmm a2200277 a 4500
001 ocm000608653
003 TR-IsHL
005 20201028132310.0
008 131030s2009 tu tur
007 cr cn
020 _a9789944425858
035 _a608653
_b(N$T)
050 0 4 _aDS26
_b.G96 2009
090 0 4 _aDS26
_b.G96 2009
100 1 _aGyörgy
245 1 0 _aTürkler: Türklerin gelenekleri, görenekleri ve hinlikleri üzerine inceleme
_h[electronic resource] /
_cGyörgy ; çev. Lale Aslan Özcan
260 _aİstanbul :
_bBilge Kültür Sanat,
_c2009
300 _a160 p.
650 4 _aTarih
650 4 _aHistory
650 0 _aTürkler
_x Tarih
650 0 _aTurkic peoples
_x History
650 7 _aHISTORY / Middle East / Turkey & Ottoman Empire
_2bisacsh
700 1 _aÖzcan, Lale Aslan
856 4 0 _uhttp://search.ebscohost.com/login.aspx?direct=true&scope=site&db=e011xww&AN=608653
999 _c5018
_d5018